[Event "13th Parsvnath Open"]
[Site "New Delhi IND"]
[Date "2015.01.14"]
[Round "8.24"]
[White "Evdokimov, Alexander A."]
[Black "Chakravarthi Reddy, M"]
[Result "0-1"]
[WhiteTitle "GM"]
[BlackTitle "IM"]
[WhiteElo "2538"]
[BlackElo "2239"]
[WhiteFideId "4139275"]
[BlackFideId "25009532"]
[EventDate "2015.01.09"]

1. Nf3 d5 2. c4 c6 3. e3 Nf6 4. Nc3 a6 5. Qc2 g6 6. d4 Bg7 7. Bd3 O-O 8. O-O b5
9. b3 Be6 10. c5 Nfd7 11. Ng5 Bg4 12. a4 Nxc5 13. dxc5 b4 14. Bb2 bxc3 15. Bxc3
e5 16. f4 h6 17. Nh3 Bxh3 18. gxh3 Nd7 19. b4 exf4 20. Bxg7 Kxg7 21. Qc3+ Qf6
22. Qxf6+ Nxf6 23. exf4 Rfb8 24. Rab1 Rb7 25. Rb3 d4 26. Bc4 a5 27. b5 Ne4 28.
Ra3 Nxc5 29. bxc6 Rc7 30. f5 g5 31. f6+ Kg6 32. Bb5 Rd8 33. Raf3 d3 34. Rd1 Rd6
35. Kf2 Rxf6 36. Rc1 d2 37. Rxf6+ Kxf6 38. Rf1 Ke5 39. Ke2 Ne4 40. Rf3 f5 41.
Rd3 f4 42. Rd7 f3+ 43. Kd1 Rc8 44. Rf7 f2 45. c7 Kd6 46. Rd7+ Kc5 47. Rf7 Kb6
48. Re7 Nc3+ 49. Kxd2 Nxb5 50. Ke2 Rf8 51. c8=N+ Rxc8 52. axb5 Rc2+ 53. Kf1 a4
54. Re3 Kxb5 55. h4 gxh4 56. Rh3 Kc5 57. Kg2 Rc4 58. Rf3 Kb4 59. Rxf2 a3 0-1

[Event "13th Parsvnath Open"]
[Site "New Delhi IND"]
[Date "2015.01.14"]
[Round "8.25"]
[White "Gasanov, Eldar"]
[Black "Kulkarni, Rakesh"]
[Result "1-0"]
[WhiteTitle "GM"]
[WhiteElo "2520"]
[BlackElo "2241"]
[WhiteFideId "14104466"]
[BlackFideId "5037077"]
[EventDate "2015.01.09"]

1. c4 c6 2. d4 d5 3. Nc3 Nf6 4. e3 a6 5. Qc2 g6 6. Bd3 Bg7 7. Nf3 O-O 8. O-O b5
9. b3 Be6 10. c5 Nfd7 11. h3 f6 12. e4 dxe4 13. Bxe4 Bf7 14. Bf4 e5 15. dxe5
Nxc5 16. Rad1 Qc8 17. exf6 Bxf6 18. Bd6 Nbd7 19. Bxf8 Nxf8 20. Rd6 Bxc3 21. Rxc6
b4 22. Rxc8 Rxc8 23. Ng5 Be8 24. Bd5+ Kg7 25. Qe2 Bf6 26. Qe3 Nfd7 27. Rc1 Rd8
28. h4 Bc3 29. Qe7+ 1-0

[Event "13th Parsvnath Open"]
[Site "New Delhi IND"]
[Date "2015.01.14"]
[Round "8.26"]
[White "Dzhumaev, Marat"]
[Black "Gajwa, Ankit"]
[Result "1-0"]
[WhiteTitle "GM"]
[WhiteElo "2515"]
[BlackElo "2215"]
[WhiteFideId "14200236"]
[BlackFideId "5077834"]
[EventDate "2015.01.09"]

1. e4 c5 2. Nf3 d6 3. d4 cxd4 4. Nxd4 Nf6 5. Nc3 g6 6. Be2 Bg7 7. O-O O-O 8. Re1
Nc6 9. Nb3 Be6 10. Bg5 a5 11. a4 Rc8 12. Bf1 Nb4 13. Nd4 Bc4 14. Bxc4 Rxc4 15.
Ncb5 e5 16. c3 exd4 17. cxb4 Rxb4 18. b3 Qd7 19. Bd2 Rxb5 20. axb5 Qxb5 21. Rxa5
Qd3 22. f3 b6 23. Ra7 Rc8 24. Bb4 Qxd1 25. Rxd1 Ne8 26. Rda1 d3 27. Ra8 Rxa8 28.
Rxa8 Bd4+ 29. Kf1 1-0

[Event "13th Parsvnath Open"]
[Site "New Delhi IND"]
[Date "2015.01.14"]
[Round "8.27"]
[White "Rahman, Ziaur"]
[Black "Ashwath, R."]
[Result "1-0"]
[WhiteTitle "GM"]
[WhiteElo "2507"]
[BlackElo "2216"]
[WhiteFideId "10200037"]
[BlackFideId "5021049"]
[EventDate "2015.01.09"]

1. Nf3 d5 2. g3 Nf6 3. Bg2 c6 4. O-O Bg4 5. d4 Nbd7 6. Nbd2 e6 7. Re1 Be7 8. e4
dxe4 9. Nxe4 Nxe4 10. Rxe4 Bf5 11. Re1 O-O 12. c3 a5 13. a4 Qc7 14. Bf4 Bd6 15.
Be3 h6 16. Nd2 Nb6 17. Ne4 Nd5 18. Bd2 Be7 19. Qe2 Rad8 20. Nc5 Rfe8 21. Qc4 Nb6
22. Qe2 Nd5 23. c4 Bxc5 24. dxc5 Nb4 25. Bxb4 axb4 26. a5 Bd3 27. Qd2 Bxc4 28.
Qxb4 Bd3 29. Qb6 Qc8 30. Re3 Ba6 31. h4 Rd4 32. Bf1 Red8 33. Bxa6 bxa6 34. Kg2
Rc4 35. Raa3 Rd5 36. Rac3 Rcd4 37. Rb3 Rd7 38. Qb8 Qxb8 39. Rxb8+ Kh7 40. Rb6
Rd2 41. b3 R7d3 42. Rxd3 Rxd3 43. Kf1 g5 44. hxg5 hxg5 45. Ke2 Rc3 46. b4 Kg6
47. Rxa6 1-0

[Event "13th Parsvnath Open"]
[Site "New Delhi IND"]
[Date "2015.01.14"]
[Round "8.28"]
[White "Andrenko, Irina"]
[Black "Cruz, Jonathan"]
[Result "0-1"]
[WhiteTitle "WIM"]
[BlackTitle "IM"]
[WhiteElo "2228"]
[BlackElo "2454"]
[WhiteFideId "14118270"]
[BlackFideId "3802124"]
[EventDate "2015.01.09"]

1. e4 e5 2. Nf3 Nc6 3. d4 exd4 4. Nxd4 Bc5 5. Nb3 Bb6 6. Nc3 Nge7 7. Bg5 O-O 8.
Qd2 f6 9. Bh4 a5 10. a4 d6 11. O-O-O Kh8 12. Kb1 Nb4 13. f4 Qe8 14. Nd4 d5 15.
exd5 Bxd4 16. Qxd4 Bf5 17. Rc1 Rd8 18. Bc4 c6 19. Rhe1 cxd5 20. Bb3 Nec6 21. Qd2
Qh5 22. Bf2 d4 23. Nb5 d3 24. c3 Nc2 25. h3 Nxe1 26. Rxe1 Qe2 27. Rxe2 dxe2+ 28.
Kc1 Rxd2 29. Kxd2 Be4 30. Nd6 Rd8 31. Bc5 b6 32. Ba3 Nb4 33. Kxe2 Rxd6 34. cxb4
Rd3 35. Be6 Rg3 36. bxa5 bxa5 37. Bc5 Rxg2+ 38. Ke3 Bc2 39. Kf3 Rd2 40. b3 Bxb3
41. Be3 Rd3 42. Bf5 Bd1+ 43. Kf2 Ra3 44. Bd2 Rxa4 0-1

[Event "13th Parsvnath Open"]
[Site "New Delhi IND"]
[Date "2015.01.14"]
[Round "8.29"]
[White "Surendran, N."]
[Black "Anurag, Mhamal"]
[Result "0-1"]
[BlackTitle "IM"]
[WhiteElo "2197"]
[BlackElo "2446"]
[WhiteFideId "5021243"]
[BlackFideId "5024366"]
[EventDate "2015.01.09"]

1. d4 Nf6 2. Nf3 b6 3. c4 e6 4. a3 Ba6 5. Qc2 Bb7 6. Nc3 c5 7. e4 cxd4 8. Nxd4
Bc5 9. Nb3 Nc6 10. Bd3 Qb8 11. Ne2 Ne5 12. Nxc5 bxc5 13. Bf4 Nxd3+ 14. Qxd3 e5
15. Bg3 Bxe4 16. Qe3 d6 17. O-O Qxb2 18. Rad1 Rd8 19. f4 Ba8 20. fxe5 Ng4 21.
Qf4 Nxe5 22. Bh4 Qxe2 23. Rd2 Qe4 24. Qg3 O-O 25. Bxd8 Nxc4 26. Rf4 Qb1+ 27. Rf1
Qg6 28. Qxg6 hxg6 29. Rxd6 Nxd6 30. Be7 Ne4 31. Bxf8 Kxf8 32. Rb1 Ke7 33. Rb5
Bc6 34. Ra5 c4 35. Rxa7+ Kd6 36. Rxf7 c3 37. Rf1 c2 38. Rc1 Ba4 39. Kf1 Nc3 0-1

[Event "13th Parsvnath Open"]
[Site "New Delhi IND"]
[Date "2015.01.14"]
[Round "8.30"]
[White "Prasanna, Raghuram Rao"]
[Black "Shashikant, Kutwal"]
[Result "1-0"]
[WhiteTitle "IM"]
[WhiteElo "2436"]
[BlackElo "2189"]
[WhiteFideId "5022401"]
[BlackFideId "5006520"]
[EventDate "2015.01.09"]

1. e4 c5 2. Nf3 e6 3. d4 cxd4 4. Nxd4 Nf6 5. Nc3 d6 6. Be3 Nc6 7. Bc4 Be7 8. Qe2
a6 9. O-O-O Qc7 10. Bb3 Na5 11. g4 b5 12. g5 Nxb3+ 13. axb3 Nd7 14. f4 Bb7 15.
f5 b4 16. fxe6 bxc3 17. exf7+ Kxf7 18. Rhf1+ Ke8 19. Ne6 cxb2+ 20. Kxb2 Qc6 21.
Bd4 Rf8 22. Qh5+ g6 23. Qxh7 Rxf1 24. Rxf1 Qc7 1-0

[Event "13th Parsvnath Open"]
[Site "New Delhi IND"]
[Date "2015.01.14"]
[Round "8.31"]
[White "Pratyusha, Bodda"]
[Black "Swapnil, S. Dhopade"]
[Result "0-1"]
[BlackTitle "IM"]
[WhiteElo "2192"]
[BlackElo "2424"]
[WhiteFideId "5000629"]
[BlackFideId "5019184"]
[EventDate "2015.01.09"]

1. d4 Nf6 2. c4 c5 3. d5 b5 4. Qc2 bxc4 5. e4 e6 6. Bxc4 exd5 7. exd5 d6 8. Nc3
Be7 9. Nge2 O-O 10. O-O Nbd7 11. b3 Nb6 12. Bb2 Nxc4 13. bxc4 Rb8 14. Ng3 Rb4
15. Rfe1 Rxc4 16. Qe2 Rb4 17. Qxe7 Rxb2 18. Qxa7 Ng4 19. Re7 Rxf2 20. Nge4 Rb2
21. Ng5 Bb7 22. Rae1 Ne5 23. R7xe5 dxe5 24. Nge4 Bxd5 25. Qxc5 Bxe4 26. Nxe4 Qb6
27. Qxb6 Rxb6 28. Nc5 Ra8 29. Rxe5 Rb1+ 30. Kf2 Rxa2+ 31. Re2 Rxe2+ 32. Kxe2 f5
33. Kf3 Kf7 34. Kg3 g5 35. h3 Rb5 36. Na4 Rb4 0-1

[Event "13th Parsvnath Open"]
[Site "New Delhi IND"]
[Date "2015.01.14"]
[Round "8.32"]
[White "Del Rey, Diego"]
[Black "Nishant, Malhotra"]
[Result "1-0"]
[WhiteTitle "IM"]
[WhiteElo "2390"]
[BlackElo "2167"]
[WhiteFideId "102164"]
[BlackFideId "5099129"]
[EventDate "2015.01.09"]

1. d4 d5 2. c4 c6 3. Nf3 Nf6 4. e3 Bf5 5. cxd5 cxd5 6. Qb3 Qc7 7. Bd2 Nc6 8. Bb5
e6 9. Bb4 Bxb4+ 10. Qxb4 Qe7 11. Qa3 Rc8 12. Ne5 Bxb1 13. Bxc6+ bxc6 14. Rxb1
Nd7 15. Qa6 Rc7 16. Nxd7 Qxd7 17. b4 O-O 18. O-O Rb8 19. Rfc1 Rb6 20. Qa4 Rcb7
21. a3 g6 22. Rb3 Rb5 23. Rbc3 R7b6 24. g3 Kg7 25. Kg2 a5 26. Rxc6 Rb8 27. bxa5
Qa7 28. R1c5 Rb1 29. a6 R1b6 30. Rxb6 Rxb6 31. Rc6 Rb8 32. Qa5 Ra8 33. Qb5 Rb8
34. Qc5 Qxc5 35. Rxc5 Ra8 36. Rc6 g5 37. Kf3 h5 38. h4 Kg6 39. hxg5 Kxg5 40. Rb6
Kf5 41. a4 Ra7 42. Ke2 Kg4 43. a5 Ra8 44. Kd3 Kf3 45. Rb2 Rxa6 46. Ra2 f6 47.
Kc3 e5 48. Kb4 exd4 49. exd4 f5 50. Kb5 Ra8 51. Kc5 f4 52. gxf4 h4 53. Kb6 Kxf4
54. a6 h3 55. a7 h2 56. Ra1 Ke4 57. Kb7 Rg8 58. a8=Q Rxa8 59. Kxa8 Kxd4 60. Rh1
Ke4 61. Rxh2 d4 62. Rh4+ Ke5 63. Rh1 1-0

[Event "13th Parsvnath Open"]
[Site "New Delhi IND"]
[Date "2015.01.14"]
[Round "8.33"]
[White "Deshpande, Aniruddha"]
[Black "Vignesh, NR"]
[Result "1/2-1/2"]
[WhiteElo "2157"]
[BlackElo "2340"]
[WhiteFideId "5021774"]
[BlackFideId "25012215"]
[EventDate "2015.01.09"]

1. e4 c5 2. c3 d5 3. exd5 Qxd5 4. d4 Nf6 5. Nf3 cxd4 6. cxd4 e6 7. Nc3 Qd8 8.
Bd3 Be7 9. O-O O-O 10. Bg5 Nc6 11. a3 b6 12. Qe2 Bb7 13. Rad1 Nd5 14. Qe4 g6 15.
Bh6 Nxc3 16. bxc3 Re8 17. Qf4 Qd6 18. Qg4 f5 19. Qh3 Bf6 20. Bg5 Bg7 21. Bc1 Na5
22. Ng5 h6 23. Nf3 g5 24. Ne5 Rac8 25. Qh5 Qf8 26. h4 g4 27. c4 Qf6 28. f3 g3
29. Bb2 Nc6 30. Nxc6 Bxc6 31. Rd2 Qf7 32. Qxf7+ Kxf7 33. f4 Rcd8 34. Be2 Rg8 35.
Bh5+ Ke7 36. Bc3 Kd7 37. Bf3 Be4 38. Bxe4 fxe4 39. Re1 Rc8 40. c5 bxc5 41. dxc5+
Ke8 42. Bxg7 Rxg7 43. Rxe4 Rxc5 44. Kf1 Ke7 45. Ke2 Kf6 46. Rd3 Rf5 47. Kf3 Rc7
48. Re5 1/2-1/2

[Event "13th Parsvnath Open"]
[Site "New Delhi IND"]
[Date "2015.01.14"]
[Round "8.34"]
[White "Harsha, Bharathakoti"]
[Black "Patil, Pratik"]
[Result "1/2-1/2"]
[WhiteElo "2309"]
[BlackElo "2139"]
[WhiteFideId "5078776"]
[BlackFideId "5038758"]
[EventDate "2015.01.09"]

1. c4 Nf6 2. g3 g6 3. Bg2 d5 4. cxd5 Nxd5 5. Nc3 Nb6 6. d3 Bg7 7. Be3 O-O 8. Qd2
Nc6 9. Bxc6 bxc6 10. Bh6 c5 11. Bxg7 Kxg7 12. Nf3 Bb7 13. Qe3 Bxf3 14. Qxf3 Qd4
15. O-O Rfd8 16. Rac1 c4 17. dxc4 Nxc4 18. Rfd1 Qe5 19. b3 Nb6 20. Rd3 Rxd3 21.
Qxd3 a5 22. Nb5 c5 23. f4 Qb2 24. Rc2 Qa1+ 25. Kg2 a4 26. Rxc5 Qxa2 27. Nc3 Qb2
28. Rb5 Rc8 29. Qd4+ Kh6 30. bxa4 Qxc3 31. Qxc3 Rxc3 32. Rxb6 Ra3 33. Ra6 Kg7
34. Ra7 h5 35. Kf2 Kf6 36. a5 1/2-1/2

[Event "13th Parsvnath Open"]
[Site "New Delhi IND"]
[Date "2015.01.14"]
[Round "8.36"]
[White "Niraj, Saripalli"]
[Black "Kathmale, Sameer"]
[Result "1/2-1/2"]
[BlackTitle "IM"]
[WhiteElo "2121"]
[BlackElo "2304"]
[WhiteFideId "5045657"]
[BlackFideId "5024498"]
[EventDate "2015.01.09"]

1. e4 c6 2. Nc3 d5 3. Qf3 Nf6 4. e5 Nfd7 5. d4 e6 6. Nh3 Be7 7. Qg3 g6 8. Bg5 b5
9. Ne2 b4 10. O-O-O Ba6 11. Kb1 Bc4 12. Nc1 a5 13. Bxe7 Qxe7 14. Bxc4 dxc4 15.
Ng5 Na6 16. h4 Nc7 17. Ne4 Nb5 18. Qg5 h6 19. Qxe7+ Kxe7 20. Ne2 Rhd8 21. Kc1
Nb6 22. g4 Nd5 23. Rh3 a4 24. f4 1/2-1/2

[Event "13th Parsvnath Open"]
[Site "New Delhi IND"]
[Date "2015.01.14"]
[Round "8.37"]
[White "Raghunandan, Kaumandur Srihari"]
[Black "Senthil, Maran K"]
[Result "1-0"]
[WhiteTitle "FM"]
[WhiteElo "2285"]
[BlackElo "2104"]
[WhiteFideId "25004964"]
[BlackFideId "25035681"]
[EventDate "2015.01.09"]

1. d4 d5 2. c4 e6 3. Nc3 Be7 4. cxd5 exd5 5. Bf4 c6 6. e3 Qb6 7. Qd2 Nf6 8. Bd3
Ne4 9. Bxe4 dxe4 10. Nxe4 O-O 11. Ne2 Bf5 12. N4c3 Rd8 13. O-O c5 14. d5 Qg6 15.
Ng3 Bd3 16. Rfd1 c4 17. e4 Nd7 18. Nf5 Bf8 19. f3 Nf6 20. Qf2 Nxd5 21. Nxd5 Rxd5
22. exd5 Qxf5 23. Qd4 Rd8 24. d6 h6 25. Re1 Qd7 26. Kh1 Qc6 27. Qxa7 Bxd6 28.
Bxd6 Rxd6 29. Re7 Rd7 30. Rae1 Qb5 31. Rxd7 Qxd7 32. a4 Kh7 33. a5 Qb5 34. Qb6
Qa4 35. h3 Bg6 36. Re7 Qd1+ 37. Kh2 Qd2 38. Rxb7 Qf4+ 39. Kh1 Qc1+ 40. Qg1 Qg5
41. a6 Qd5 42. Rb8 Bh5 43. a7 Bxf3 44. a8=Q Bxg2+ 45. Qxg2 1-0

[Event "13th Parsvnath Open"]
[Site "New Delhi IND"]
[Date "2015.01.14"]
[Round "8.38"]
[White "Bhambure, Shantanu"]
[Black "Murali Krishnan, B.T."]
[Result "0-1"]
[BlackTitle "IM"]
[WhiteElo "2087"]
[BlackElo "2283"]
[WhiteFideId "5025931"]
[BlackFideId "5004977"]
[EventDate "2015.01.09"]

1. d4 d5 2. c4 dxc4 3. e4 e5 4. Nf3 exd4 5. Bxc4 Bb4+ 6. Nbd2 Nc6 7. O-O Be6 8.
Qb3 Qd7 9. a3 Bxd2 10. Bxd2 O-O-O 11. Ng5 Bxc4 12. Qxc4 Nh6 13. Rfe1 Rhe8 14. f4
f6 15. Nf3 Nf7 16. Rac1 g5 17. fxg5 fxg5 18. Nxg5 Nfe5 19. Qe2 Rg8 20. Kh1 h6
21. Nh3 Qg4 22. Nf4 Qxe2 23. Rxe2 Rd6 24. Rc5 Rf8 25. g3 Re8 26. Kg2 b6 27. Rc1
a5 28. Be1 Ng4 29. Bd2 Nce5 30. Nd5 c5 31. Bf4 Kd7 32. Rd2 Nf6 33. Nxb6+ Rxb6
34. Rxc5 Nc6 35. Rh5 Nxh5 0-1

[Event "13th Parsvnath Open"]
[Site "New Delhi IND"]
[Date "2015.01.14"]
[Round "8.39"]
[White "Sidhant, Mohapatra"]
[Black "Michelle Catherina, P"]
[Result "1-0"]
[WhiteElo "2281"]
[BlackElo "2061"]
[WhiteFideId "5028698"]
[BlackFideId "5005736"]
[EventDate "2015.01.09"]

1. Nf3 d5 2. c4 e6 3. g3 Nf6 4. Bg2 dxc4 5. Qa4+ c6 6. Qxc4 b5 7. Qb3 Bb7 8. O-O
Nbd7 9. d4 a6 10. Ne5 Bd6 11. Bf4 Bxe5 12. dxe5 Nd5 13. Nc3 Nxf4 14. gxf4 O-O
15. Rfd1 Qc7 16. Ne4 Rad8 17. Rd6 c5 18. Rad1 c4 19. Qc2 Bxe4 20. Bxe4 f5 21.
Bf3 Nc5 22. Rc6 Rxd1+ 23. Qxd1 Rd8 24. Rxc7 Rxd1+ 25. Kg2 Na4 26. b3 Nb6 27.
bxc4 Nxc4 28. Rc6 Kf7 29. Rxa6 Rd2 30. Ra7+ Kf8 31. Bc6 b4 32. Bd7 Rxe2 33. Bxe6
Re4 34. Bd5 Rd4 35. Bc6 Rxf4 36. e6 Rg4+ 37. Kf1 Re4 38. Bxe4 fxe4 39. Ke2 h5
40. Ra4 Ke7 41. Rxb4 Nd6 42. a4 Kxe6 43. a5 1-0

[Event "13th Parsvnath Open"]
[Site "New Delhi IND"]
[Date "2015.01.14"]
[Round "8.40"]
[White "Arvind, Shastry"]
[Black "Jyothilal, N."]
[Result "1-0"]
[WhiteElo "2261"]
[BlackElo "2009"]
[WhiteFideId "5008778"]
[BlackFideId "5002605"]
[EventDate "2015.01.09"]

1. d4 Nf6 2. Nf3 g6 3. c4 Bg7 4. Nc3 d5 5. Bf4 O-O 6. Rc1 Nh5 7. Nxd5 c6 8. Bc7
Qd7 9. Bxb8 Rxb8 10. Nc3 b5 11. cxb5 cxb5 12. e3 a6 13. Be2 Qb7 14. O-O Rd8 15.
Qb3 Be6 16. Qb4 Nf6 17. Ng5 Nd5 18. Qa5 Nxc3 19. Rxc3 Bd5 20. Bf3 Bf6 21. Bxd5
Qxd5 22. Rc5 Qa8 23. Nf3 Rd6 24. Qc3 Rbd8 25. Qc2 Kg7 26. h3 h6 27. Rc1 Qb7 28.
a3 Qa8 29. Rc6 a5 30. Nd2 b4 31. Ne4 Re6 32. Rxe6 fxe6 33. Nc5 Rd6 34. Qc4 e5
35. Ne6+ Kh7 36. Nc7 Qf8 37. Nb5 Rd8 38. axb4 exd4 39. Nxd4 Bxd4 40. exd4 Qf6
41. Re1 Rxd4 42. Qc7 Kg8 43. Rxe7 Qf8 44. bxa5 Ra4 45. Rd7 1-0

[Event "13th Parsvnath Open"]
[Site "New Delhi IND"]
[Date "2015.01.14"]
[Round "8.41"]
[White "Abhilash, Reddy M.L."]
[Black "Kumar, Gaurav"]
[Result "0-1"]
[WhiteElo "2251"]
[BlackElo "1986"]
[WhiteFideId "5024668"]
[BlackFideId "5085578"]
[EventDate "2015.01.09"]

1. d4 Nf6 2. Bg5 Ne4 3. h4 d5 4. Nd2 Bf5 5. c3 c5 6. Nxe4 Bxe4 7. dxc5 f6 8. Be3
Nc6 9. Qa4 Qc7 10. Rd1 O-O-O 11. f3 Bg6 12. Qg4+ Kb8 13. Qe6 Qd7 14. Qxd7 Rxd7
15. b4 e5 16. a3 Be7 17. g3 h5 18. Nh3 Rhd8 19. Nf2 a6 20. Rg1 f5 21. Nd3 Bf6
22. Bg5 Bxg5 23. hxg5 d4 24. cxd4 Nxd4 25. Rc1 Nc6 26. Kf2 Bf7 27. Bh3 g6 28.
Rc2 Re7 0-1

[Event "13th Parsvnath Open"]
[Site "New Delhi IND"]
[Date "2015.01.14"]
[Round "8.42"]
[White "Iniyan, P"]
[Black "Rajesh, V A V"]
[Result "1-0"]
[BlackTitle "IM"]
[WhiteElo "2131"]
[BlackElo "2397"]
[WhiteFideId "25002767"]
[BlackFideId "5029317"]
[EventDate "2015.01.09"]

1. d4 Nf6 2. c4 e6 3. Nc3 Bb4 4. a3 Bxc3+ 5. bxc3 c5 6. e3 Nc6 7. Bd3 O-O 8. Ne2
b6 9. O-O Ba6 10. e4 Ne8 11. Ng3 Na5 12. f4 cxd4 13. cxd4 Bxc4 14. Bxc4 Nxc4 15.
f5 f6 16. Rf4 b5 17. Rh4 Qb6 18. Kh1 Rc8 19. Rb1 a6 20. Qh5 Qxd4 21. Bf4 Ne5 22.
Rf1 Nd3 23. Ne2 Qb2 24. e5 h6 25. Bxh6 exf5 26. Ng3 Nxe5 27. Bxg7 Nxg7 28. Qh7+
Kf7 29. Nxf5 Rg8 30. Nh6+ Ke6 31. Rhf4 Nh5 32. Qf5+ Kd6 33. R4f2 Qd4 34. Qxh5
Rg6 35. Nf5+ 1-0

[Event "13th Parsvnath Open"]
[Site "New Delhi IND"]
[Date "2015.01.14"]
[Round "8.43"]
[White "Aradhya, Garg"]
[Black "Mehar, Chinna Reddy C.H."]
[Result "1/2-1/2"]
[WhiteElo "2158"]
[BlackElo "2281"]
[WhiteFideId "25006746"]
[BlackFideId "5027420"]
[EventDate "2015.01.09"]

1. d4 d5 2. c4 c6 3. Nf3 Nf6 4. e3 Bg4 5. h3 Bh5 6. Nc3 e6 7. g4 Bg6 8. Ne5 Nbd7
9. Nxg6 hxg6 10. a3 Bd6 11. g5 Ne4 12. Nxe4 dxe4 13. Qg4 e5 14. Bg2 Qe7 15. Bxe4
exd4 16. exd4 O-O 17. f3 f5 18. gxf6 Nxf6 19. Qxg6 Nxe4 20. Qxe4 Qf6 21. O-O
Rae8 22. Qg4 Re2 23. b3 Bc5 24. Be3 Qd6 25. Bf2 Rxf2 26. Rxf2 Bxd4 27. Re1 Rf4
28. Qg3 Bxf2+ 29. Qxf2 b6 1/2-1/2

[Event "13th Parsvnath Open"]
[Site "New Delhi IND"]
[Date "2015.01.14"]
[Round "8.46"]
[White "Praggnanandhaa, R"]
[Black "Gokhale, Chandrashekhar"]
[Result "1/2-1/2"]
[WhiteTitle "FM"]
[BlackTitle "IM"]
[WhiteElo "2084"]
[BlackElo "2254"]
[WhiteFideId "25059530"]
[BlackFideId "5001315"]
[EventDate "2015.01.09"]

1. e4 d6 2. d4 Nf6 3. Nc3 e5 4. Nf3 exd4 5. Nxd4 Be7 6. Bf4 O-O 7. Qd2 Nc6 8.
O-O-O Nxd4 9. Qxd4 Be6 10. f3 a6 11. Kb1 Nd7 12. g4 Bg5 13. Bg3 Rc8 14. h4 Bf6
15. Qe3 Bxc3 16. Qxc3 Qf6 17. Qe3 Ne5 18. Be2 Nc4 19. Bxc4 Bxc4 20. Be1 Qe6 21.
b3 Bb5 22. Bc3 f6 23. Bb2 Rf7 24. Qd2 Bc6 1/2-1/2

[Event "13th Parsvnath Open"]
[Site "New Delhi IND"]
[Date "2015.01.14"]
[Round "8.47"]
[White "Lakshmi Narayanan, MV"]
[Black "Harini, S."]
[Result "1-0"]
[WhiteElo "2215"]
[BlackElo "2046"]
[WhiteFideId "5040647"]
[BlackFideId "5024919"]
[EventDate "2015.01.09"]

1. d4 Nf6 2. c4 e6 3. Nc3 Bb4 4. Qc2 c5 5. dxc5 Bxc5 6. Nf3 Qb6 7. e3 Nc6 8. a3
Be7 9. Be2 O-O 10. O-O d6 11. b4 Qc7 12. Bb2 Bd7 13. Rac1 Rac8 14. Rfd1 Qb8 15.
Qb1 b6 16. Nb5 Ne5 17. Nxe5 dxe5 18. Qa1 e4 19. Be5 Qa8 20. Nd6 Rcd8 21. c5 bxc5
22. bxc5 Bc6 23. h3 Rd7 24. a4 Rfd8 25. a5 Ne8 26. Nxe8 Rxd1+ 27. Bxd1 Bxe8 28.
Bxg7 Rd5 29. Bh6 Bf8 30. Bxf8 Kxf8 31. Ba4 Bc6 32. Bb3 Rd8 33. Qh8+ Ke7 34. Qxh7
Qb8 35. Qh4+ Ke8 36. Rd1 Rxd1+ 37. Bxd1 Qe5 38. Qh5 Qa1 39. Kh2 Qxa5 40. Qh8+
Ke7 41. Qd4 Qd8 42. Qa1 Qc7+ 43. g3 a5 44. h4 Qd7 45. h5 Qd2 46. Kg2 Qd3 47. h6
Bb5 48. Ba4 Bxa4 49. h7 1-0

[Event "13th Parsvnath Open"]
[Site "New Delhi IND"]
[Date "2015.01.14"]
[Round "8.48"]
[White "Harikrishnan.A.Ra"]
[Black "Snehal, Bhosale"]
[Result "1-0"]
[WhiteElo "2200"]
[BlackElo "2087"]
[WhiteFideId "5081483"]
[BlackFideId "5021995"]
[EventDate "2015.01.09"]

1. Nf3 Nc6 2. c4 e5 3. Nc3 Nf6 4. d3 Be7 5. g3 d5 6. cxd5 Nxd5 7. Bg2 Nb6 8. O-O
O-O 9. Be3 Be6 10. Rc1 f6 11. d4 exd4 12. Nxd4 Nxd4 13. Bxd4 c5 14. Be3 Nc4 15.
Bxb7 Nxe3 16. fxe3 Rb8 17. Bd5 Qd6 18. Bxe6+ Qxe6 19. Qd5 Qxd5 20. Nxd5 Rfe8 21.
b3 Bf8 22. Rfd1 Re5 23. Rd3 Rbe8 24. Rc4 Re4 25. Rxe4 Rxe4 26. Nc3 Re6 27. Na4
c4 28. bxc4 Ra6 29. Nc3 Rc6 30. Rd4 Bc5 31. Nd5 Bxd4 32. Ne7+ Kf7 33. Nxc6 Bxe3+
34. Kg2 Ke6 35. Kf3 Bb6 36. Nb4 f5 37. Nd3 Bc7 38. e4 g6 39. Ke3 g5 40. Nc5+ Kf6
41. Nd3 h5 42. Kf3 g4+ 43. Ke3 Bb8 44. Nf4 fxe4 45. Kxe4 Kg5 46. c5 a6 47. c6 h4
48. c7 1-0

[Event "13th Parsvnath Open"]
[Site "New Delhi IND"]
[Date "2015.01.14"]
[Round "8.49"]
[White "Tiwari, Arjun"]
[Black "Sa, Kannan"]
[Result "1/2-1/2"]
[WhiteElo "2179"]
[BlackElo "1908"]
[WhiteFideId "5011337"]
[BlackFideId "5018340"]
[EventDate "2015.01.09"]

1. e4 c5 2. Nc3 Nc6 3. Bb5 g6 4. Bxc6 dxc6 5. f4 Bg7 6. Nf3 Nf6 7. d3 O-O 8. O-O
b6 9. h3 a5 10. Qe1 Ba6 11. f5 c4 12. d4 Nd7 13. Qh4 e5 14. Bg5 f6 15. Be3 g5
16. Qf2 h6 17. dxe5 fxe5 18. Rfd1 Qc7 19. Na4 Rab8 20. Rxd7 Qxd7 21. Bxb6 c5 22.
b3 cxb3 23. axb3 c4 24. Bxa5 cxb3 25. cxb3 Qc6 26. Nc5 Bc8 27. Bc3 Re8 28. Ra7
Bf8 29. b4 Bxc5 30. bxc5 Rb1+ 31. Kh2 Qxe4 32. Qa2+ Be6 33. fxe6 Qf4+ 34. g3
Qxf3 35. e7+ Qf7 36. Qxb1 Qf2+ 37. Kh1 Qf3+ 1/2-1/2

[Event "13th Parsvnath Open"]
[Site "New Delhi IND"]
[Date "2015.01.14"]
[Round "8.50"]
[White "Madhurima, Shekhar"]
[Black "Santu, Mondal"]
[Result "1-0"]
[WhiteElo "2012"]
[BlackElo "2178"]
[WhiteFideId "5067910"]
[BlackFideId "5025354"]
[EventDate "2015.01.09"]

1. e4 e6 2. d4 d5 3. Nc3 Nf6 4. e5 Nfd7 5. f4 c5 6. Nf3 Nc6 7. Be3 a6 8. Qd2
cxd4 9. Nxd4 Bc5 10. O-O-O O-O 11. Nb3 Be7 12. Bd3 b5 13. Qe2 Nb6 14. Qh5 g6 15.
Qe2 Na4 16. h4 Nb4 17. h5 Nxc3 18. bxc3 Nxd3+ 19. Rxd3 Bd7 20. Kb1 b4 21. Nd4
Bb5 22. Nxb5 axb5 23. cxb4 Bxb4 24. c3 Be7 25. f5 exf5 26. e6 g5 27. Bd4 f6 28.
Rf1 f4 29. g3 fxg3 30. Rxg3 Qd6 31. Qg4 Qa6 32. Rg2 b4 33. Rxf6 Rxf6 34. Qxg5+
Rg6 35. Qf5 Qd3+ 36. Qxd3 Rxg2 37. Qf1 1-0